000 00405nam a2200145Ia 4500
008 230917s9999||||xx |||||||||||||| ||und||
040 _e247944
_aMAIN
041 _aEnglish
082 _a658.3 R259C
100 _aReetu Raj
245 0 _aComparative study of selected public and private sector companies in prespective of human resource accounting
260 _c2014
300 _a77 p.
942 _cTH
999 _c127654
_d127654